Holocaust in Marathwada - 1978 (Record no. 14895)

MARC details
000 -LEADER
fixed length control field 00374nam a2200145Ia 4500
082 ## - DEWEY DECIMAL CLASSIFICATION NUMBER
Classification number RD.0050
100 ## - MAIN ENTRY--AUTHOR NAME
Personal name Damle, Y.B.
245 #0 - TITLE STATEMENT
Title Holocaust in Marathwada - 1978
260 ## - PUBLICATION, DISTRIBUTION, ETC. (IMPRINT)
Year of publication 1984
Name of publisher ICSSR, New Delhi
300 ## - PHYSICAL DESCRIPTION
Number of Pages 209p.
650 ## - SUBJECT ADDED ENTRY--TOPICAL TERM
Topical Term RIOTS - MARATHWADA REGION - 1978
650 ## - SUBJECT ADDED ENTRY--TOPICAL TERM
Topical Term MARATHWADA UNIVERSITY, AURANGABAD
710 ## - ADDED ENTRY--CORPORATE NAME
Corporate name or jurisdiction name as entry element University of Poona
942 ## - ADDED ENTRY ELEMENTS (KOHA)
Koha item type Research Reports
Source of classification or shelving scheme Dewey Decimal Classification
Holdings
Withdrawn status Lost status Damaged status Not for loan Collection code Home library Current library Date acquired Bill Date Full call number Accession Number Price effective from Koha item type
      Not For Loan Minor Research project Reports NASSDOC Library NASSDOC Library 08/10/2004 2004-10-22 RD.0050 19928 18/04/2019 Research Reports